00402nam a2200157Ia 45000010006000000050017000060080041000230410008000640820018000721000027000902450074001172600009001913000028002006500008002286540008002361851620260306171636.0260306s9999||||xx |||||||||||||| ||und|| aESP a658.4063bS64 aScott D., AnthonyeAUT 4aThe little black book of innovation:bcómo funciona. Cómo hacerlo c2012 a283 páginas :c23 cm. aGEN aCAN